000 00844nam a22002417a 4500
003 0
005 20250909152018.0
008 250909b xxu||||| |||| 00| 0 eng d
020 _a978-0-357-45342-1
050 _aQD 37
_b.S43 2025
100 _aSeager, Spencer L.,
_eauthor.
245 _aFundamentals of chemistry for today :
_bgeneral, organic, and biochemistry /
_cSpencer L. Seager, Tiffiny D. Rye-McCurdy, and Ryan J. Yoder.
250 _aFirst edition.
260 _aMason, OH :
_bCengage,
_c2025.
300 _axiv, various pagination :
_bcolored illustrations ;
_c29 cm.
504 _aIncludes index.
650 _aChemistry
_xTextbooks.
650 _aChemistry, Organic
_xTextbooks.
650 _aBiochemistry
_xTextbooks.
700 _aRye-McCurdy, Tiffiny D.,
_eauthor.
700 _aYoder, Ryan J.,
_eauthor.
942 _2lcc
_cBK
999 _c367845
_d367845